| 000 | 00677nam a2200229Ia 4500 | ||
|---|---|---|---|
| 003 | GCL | ||
| 008 | 140319s9999 xx 000 0 ara d | ||
| 020 | _a5528702977 | ||
| 040 |
_aGCL / _cGCL |
||
| 082 | 0 | 4 |
_a810.8 _bم ص |
| 100 | 1 | _aمصطفى محمود | |
| 245 | 1 | 0 |
_aالسؤال الحائر / _cمصطفى محمود |
| 250 | _aالرابعة | ||
| 260 |
_aالقاهرة : _bدار المعارف ، _c1996 |
||
| 300 |
_a111 ؛ _c19 سم |
||
| 490 |
_aالهيئة العامة للاستعلامات _v0 |
||
| 650 | 0 | 4 | _aالادب العربى |
| 650 | 0 | 4 | _aالشريعة الاسلامية |
| 650 | 0 | 4 | _aالفن |
| 650 | 0 | 4 | _aبوذا |
| 942 |
_2ddc _cBK |
||
| 999 |
_c48832 _d48832 |
||